Calles caminadas : anverso y reverso /

Esta publicación compila los textos de treinta y seis entrevistas realizadas para el documental Calles caminadas, cuyo propósito fue visibilizar y difundir más ampliamente la organización histórica de las mujeres en Chile, desde fines del siglo XIX hasta inicios del siglo XXI, considerando su aporte...

Full description

Bibliographic Details
Other Authors: Largo Vera, Eliana (comp.)
Format: Libro
Language:Spanish
Published: Santiago Dirección de Bibliotecas, Archivos y Museos 2014
Series:Fuentes para la historia de la República 37
Subjects:
Online Access:

MARC

LEADER 00000cam a2200000 a 4500
001 005274
003 UAHC_CL
005 20170803120123.0
008 150820s2014 cl 000 spa
020 |a 9789562442947 
040 |a UAHC_CL  |c UAHC_CL  |d UAHC_CL 
082 0 4 |a 305.40983  |b C157  |2 20 
245 1 0 |a Calles caminadas :  |b anverso y reverso /  |c Estudio y compilación Eliana Largo Vera. 
260 |b Dirección de Bibliotecas, Archivos y Museos  |a Santiago  |c 2014 
300 |a 552 p. 
490 0 |a Fuentes para la historia de la República  |v 37 
520 |a Esta publicación compila los textos de treinta y seis entrevistas realizadas para el documental Calles caminadas, cuyo propósito fue visibilizar y difundir más ampliamente la organización histórica de las mujeres en Chile, desde fines del siglo XIX hasta inicios del siglo XXI, considerando su aporte e implicancia en los cambios democratizadores y en la instalación crítica de una cultura que considere la raíz patriarcal del orden moderno.\Calles caminadas. Anverso y reverso aborda la cuestión de género y la persistencia de las múltiples desigualdades, por tanto se interesa en las derivas reflexivas y organizativas del feminismo en cuanto movimiento social que se proyecta más allá de las mujeres, lo que es ilustrado también por series de imágenes fotográficas. Las entrevistas son precedidas por una introducción que a modo de reseña las contextualiza histórica y culturalmente. 
521 |a NTI: Género y política en América Latina 
650 4 |a TEORIA FEMINISTA  |x ASPECTOS POLêTICOS 
650 4 |a FEMINSIMO  |x HISTORIA  |z CHILE 
650 4 |a TEORêA FEMINSITA  |z CHILE 
653 |a SOCIOLOGIA 
700 1 |a Largo Vera, Eliana  |e comp. 
900 |a 305.40983 CAL 
942 |c BK 
952 |0 0  |1 0  |4 0  |6 305_409830000000000_CAL  |7 0  |8 General  |9 11545  |a BC  |b BC  |c General  |d 2017-08-03  |l 0  |o 305.40983 CAL  |p 1430377  |r 2026-01-13 00:00:00  |t 1  |w 2017-08-03  |y BK 
999 |c 5274  |d 5274